00646nam a2200205Ia 4500003000400000005001700004008004100021020001800062040001800080041000800098082001800106100002300124245011600147250001200263260003500275300002800310650004400338650002400382650003400406OSt20260116142447.0210716s2012 xx 000 0 und d a9788132204848 cAIMIT LIBRARY aeng a629.892bPIRJ aPires, J Norberto. aIndustrial robots programming: bbuilding applications for the factories of the future /cBy J. Norberto Pires. a1st ed. aNew Delhi :bSpringer ,c2012. axiv,282 p.;bPBc25 cm. aRobot manipulatiors and control systems aSoftware interfaces aInterface devices and systems